<?xml version="1.0" encoding="UTF-8"?>
<record
    xmlns:xsi="http://www.w3.org/2001/XMLSchema-instance"
    xsi:schemaLocation="http://www.loc.gov/MARC21/slim http://www.loc.gov/standards/marcxml/schema/MARC21slim.xsd"
    xmlns="http://www.loc.gov/MARC21/slim">

  <leader>00968nas a2200277 454500</leader>
  <controlfield tag="001">19672</controlfield>
  <controlfield tag="005">20260407193506.0</controlfield>
  <controlfield tag="008">260407s1998####ag###########|||spa#d</controlfield>
  <controlfield tag="003">AR-UNSa-BCEJYS</controlfield>
  <datafield tag="040" ind1=" " ind2=" ">
    <subfield code="a">AR-UNSa-BCEJYS</subfield>
    <subfield code="b">spa</subfield>
    <subfield code="c">AR-UNSa-BCEJYS</subfield>
  </datafield>
  <datafield tag="080" ind1=" " ind2=" ">
    <subfield code="a">336.71</subfield>
    <subfield code="x">Bancos. Sistema bancario </subfield>
  </datafield>
  <datafield tag="245" ind1="1" ind2="0">
    <subfield code="a">Informaci&#xF3;n de entidades financieras</subfield>
  </datafield>
  <datafield tag="022" ind1=" " ind2=" ">
    <subfield code="a">1667-345X</subfield>
  </datafield>
  <datafield tag="264" ind1=" " ind2="1">
    <subfield code="a">Buenos Aires :</subfield>
    <subfield code="b">Banco Central de la Rep&#xFA;blica Argentina</subfield>
    <subfield code="c">1998</subfield>
  </datafield>
  <datafield tag="310" ind1=" " ind2=" ">
    <subfield code="a">Frecuencia: Mensual</subfield>
  </datafield>
  <datafield tag="505" ind1=" " ind2=" ">
    <subfield code="a">Contiene CD</subfield>
  </datafield>
  <datafield tag="041" ind1=" " ind2=" ">
    <subfield code="a">spa</subfield>
  </datafield>
  <datafield tag="942" ind1=" " ind2=" ">
    <subfield code="c">SER</subfield>
  </datafield>
  <datafield tag="590" ind1=" " ind2=" ">
    <subfield code="a">niveau_biblio:s niveau_hierar:1</subfield>
  </datafield>
  <datafield tag="100" ind1="1" ind2=" ">
    <subfield code="a">Banco Central de la Rep&#xFA;blica Argentina. Superintendencia de Entidades Financieras y Cambiarias</subfield>
  </datafield>
  <datafield tag="650" ind1=" " ind2=" ">
    <subfield code="a">BANCOS</subfield>
  </datafield>
  <datafield tag="650" ind1=" " ind2=" ">
    <subfield code="a">Instituciones financieras</subfield>
  </datafield>
  <datafield tag="650" ind1=" " ind2=" ">
    <subfield code="a">Sector p&#xFA;blico</subfield>
  </datafield>
  <datafield tag="650" ind1=" " ind2=" ">
    <subfield code="a">Sector privado</subfield>
  </datafield>
  <datafield tag="856" ind1="4" ind2="1">
    <subfield code="u">https://biblioeco.unsa.edu.ar/pmb/images/revistas/Informaci?n de Entidades Financieras.jpg</subfield>
    <subfield code="y">Imagen de portada</subfield>
    <subfield code="q">image/jpeg</subfield>
  </datafield>
  <datafield tag="999" ind1=" " ind2=" ">
    <subfield code="c">8531</subfield>
    <subfield code="d">8531</subfield>
  </datafield>
  <datafield tag="952" ind1=" " ind2=" ">
    <subfield code="0">0</subfield>
    <subfield code="1">0</subfield>
    <subfield code="4">0</subfield>
    <subfield code="7">0</subfield>
    <subfield code="a">BCEJYS</subfield>
    <subfield code="b">BCEJYS</subfield>
    <subfield code="c">17</subfield>
    <subfield code="d">2011-10-01</subfield>
    <subfield code="h">oct. 2011</subfield>
    <subfield code="l">0</subfield>
    <subfield code="o">H336.71 INF 10.2011</subfield>
    <subfield code="p">R09074</subfield>
    <subfield code="r">2026-04-10 16:07:55</subfield>
    <subfield code="w">2026-04-10</subfield>
    <subfield code="y">RN</subfield>
  </datafield>
  <datafield tag="952" ind1=" " ind2=" ">
    <subfield code="0">0</subfield>
    <subfield code="1">0</subfield>
    <subfield code="4">0</subfield>
    <subfield code="7">0</subfield>
    <subfield code="a">BCEJYS</subfield>
    <subfield code="b">BCEJYS</subfield>
    <subfield code="c">17</subfield>
    <subfield code="d">2009-12-01</subfield>
    <subfield code="h">dic. 2009</subfield>
    <subfield code="l">0</subfield>
    <subfield code="o">H336.71 INF 12.2009</subfield>
    <subfield code="p">R09168</subfield>
    <subfield code="r">2026-04-10 16:07:55</subfield>
    <subfield code="w">2026-04-10</subfield>
    <subfield code="y">RN</subfield>
  </datafield>
  <datafield tag="952" ind1=" " ind2=" ">
    <subfield code="0">0</subfield>
    <subfield code="1">0</subfield>
    <subfield code="4">0</subfield>
    <subfield code="7">0</subfield>
    <subfield code="a">BCEJYS</subfield>
    <subfield code="b">BCEJYS</subfield>
    <subfield code="c">17</subfield>
    <subfield code="d">2009-08-01</subfield>
    <subfield code="h">ago. 2009</subfield>
    <subfield code="l">0</subfield>
    <subfield code="o">H336.71 INF 8.2009</subfield>
    <subfield code="p">R09167</subfield>
    <subfield code="r">2026-04-10 16:07:55</subfield>
    <subfield code="w">2026-04-10</subfield>
    <subfield code="y">RN</subfield>
  </datafield>
  <datafield tag="952" ind1=" " ind2=" ">
    <subfield code="0">0</subfield>
    <subfield code="1">0</subfield>
    <subfield code="4">0</subfield>
    <subfield code="7">0</subfield>
    <subfield code="a">BCEJYS</subfield>
    <subfield code="b">BCEJYS</subfield>
    <subfield code="c">17</subfield>
    <subfield code="d">2009-04-01</subfield>
    <subfield code="h">abr. 2009</subfield>
    <subfield code="l">0</subfield>
    <subfield code="o">H336.71 INF 4.2009</subfield>
    <subfield code="p">R09166</subfield>
    <subfield code="r">2026-04-10 16:07:55</subfield>
    <subfield code="w">2026-04-10</subfield>
    <subfield code="y">RN</subfield>
  </datafield>
  <datafield tag="952" ind1=" " ind2=" ">
    <subfield code="0">0</subfield>
    <subfield code="1">0</subfield>
    <subfield code="4">0</subfield>
    <subfield code="7">0</subfield>
    <subfield code="a">BCEJYS</subfield>
    <subfield code="b">BCEJYS</subfield>
    <subfield code="c">17</subfield>
    <subfield code="d">2009-03-01</subfield>
    <subfield code="h">mar. 2009</subfield>
    <subfield code="l">0</subfield>
    <subfield code="o">H336.71 INF 3.2009</subfield>
    <subfield code="p">R09165</subfield>
    <subfield code="r">2026-04-10 16:07:55</subfield>
    <subfield code="w">2026-04-10</subfield>
    <subfield code="y">RN</subfield>
  </datafield>
  <datafield tag="952" ind1=" " ind2=" ">
    <subfield code="0">0</subfield>
    <subfield code="1">0</subfield>
    <subfield code="4">0</subfield>
    <subfield code="7">0</subfield>
    <subfield code="a">BCEJYS</subfield>
    <subfield code="b">BCEJYS</subfield>
    <subfield code="c">17</subfield>
    <subfield code="d">2009-01-01</subfield>
    <subfield code="h">ene. 2009</subfield>
    <subfield code="l">0</subfield>
    <subfield code="o">H336.71 INF 1.2009</subfield>
    <subfield code="p">R09164</subfield>
    <subfield code="r">2026-04-10 16:07:55</subfield>
    <subfield code="w">2026-04-10</subfield>
    <subfield code="y">RN</subfield>
  </datafield>
  <datafield tag="952" ind1=" " ind2=" ">
    <subfield code="0">0</subfield>
    <subfield code="1">0</subfield>
    <subfield code="4">0</subfield>
    <subfield code="7">0</subfield>
    <subfield code="a">BCEJYS</subfield>
    <subfield code="b">BCEJYS</subfield>
    <subfield code="c">17</subfield>
    <subfield code="d">2008-12-01</subfield>
    <subfield code="h">dic. 2008</subfield>
    <subfield code="l">0</subfield>
    <subfield code="o">H336.71 INF 12.2008</subfield>
    <subfield code="p">R09163</subfield>
    <subfield code="r">2026-04-10 16:07:55</subfield>
    <subfield code="w">2026-04-10</subfield>
    <subfield code="y">RN</subfield>
  </datafield>
  <datafield tag="952" ind1=" " ind2=" ">
    <subfield code="0">0</subfield>
    <subfield code="1">0</subfield>
    <subfield code="4">0</subfield>
    <subfield code="7">0</subfield>
    <subfield code="a">BCEJYS</subfield>
    <subfield code="b">BCEJYS</subfield>
    <subfield code="c">17</subfield>
    <subfield code="d">2008-11-01</subfield>
    <subfield code="h">nov. 2008</subfield>
    <subfield code="l">0</subfield>
    <subfield code="o">H336.71 INF 11.2008</subfield>
    <subfield code="p">R09162</subfield>
    <subfield code="r">2026-04-10 16:07:55</subfield>
    <subfield code="w">2026-04-10</subfield>
    <subfield code="y">RN</subfield>
  </datafield>
  <datafield tag="952" ind1=" " ind2=" ">
    <subfield code="0">0</subfield>
    <subfield code="1">0</subfield>
    <subfield code="4">0</subfield>
    <subfield code="7">0</subfield>
    <subfield code="a">BCEJYS</subfield>
    <subfield code="b">BCEJYS</subfield>
    <subfield code="c">17</subfield>
    <subfield code="d">2008-10-01</subfield>
    <subfield code="h">oct. 2008</subfield>
    <subfield code="l">0</subfield>
    <subfield code="o">H336.71 INF 10.2008</subfield>
    <subfield code="p">R09161</subfield>
    <subfield code="r">2026-04-10 16:07:55</subfield>
    <subfield code="w">2026-04-10</subfield>
    <subfield code="y">RN</subfield>
  </datafield>
  <datafield tag="952" ind1=" " ind2=" ">
    <subfield code="0">0</subfield>
    <subfield code="1">0</subfield>
    <subfield code="4">0</subfield>
    <subfield code="7">0</subfield>
    <subfield code="a">BCEJYS</subfield>
    <subfield code="b">BCEJYS</subfield>
    <subfield code="c">17</subfield>
    <subfield code="d">2008-09-01</subfield>
    <subfield code="h">sep. 2008</subfield>
    <subfield code="l">0</subfield>
    <subfield code="o">H336.71 INF 9.2008</subfield>
    <subfield code="p">R09160</subfield>
    <subfield code="r">2026-04-10 16:07:55</subfield>
    <subfield code="w">2026-04-10</subfield>
    <subfield code="y">RN</subfield>
  </datafield>
  <datafield tag="952" ind1=" " ind2=" ">
    <subfield code="0">0</subfield>
    <subfield code="1">0</subfield>
    <subfield code="4">0</subfield>
    <subfield code="7">0</subfield>
    <subfield code="a">BCEJYS</subfield>
    <subfield code="b">BCEJYS</subfield>
    <subfield code="c">17</subfield>
    <subfield code="d">2008-08-01</subfield>
    <subfield code="h">ago. 2008</subfield>
    <subfield code="l">0</subfield>
    <subfield code="o">H336.71 INF 8.2008</subfield>
    <subfield code="p">R09159</subfield>
    <subfield code="r">2026-04-10 16:07:55</subfield>
    <subfield code="w">2026-04-10</subfield>
    <subfield code="y">RN</subfield>
  </datafield>
  <datafield tag="952" ind1=" " ind2=" ">
    <subfield code="0">0</subfield>
    <subfield code="1">0</subfield>
    <subfield code="4">0</subfield>
    <subfield code="7">0</subfield>
    <subfield code="a">BCEJYS</subfield>
    <subfield code="b">BCEJYS</subfield>
    <subfield code="c">17</subfield>
    <subfield code="d">2008-07-01</subfield>
    <subfield code="h">jul. 2008</subfield>
    <subfield code="l">0</subfield>
    <subfield code="o">H336.71 INF 7.2008</subfield>
    <subfield code="p">R09158</subfield>
    <subfield code="r">2026-04-10 16:07:55</subfield>
    <subfield code="w">2026-04-10</subfield>
    <subfield code="y">RN</subfield>
  </datafield>
  <datafield tag="952" ind1=" " ind2=" ">
    <subfield code="0">0</subfield>
    <subfield code="1">0</subfield>
    <subfield code="4">0</subfield>
    <subfield code="7">0</subfield>
    <subfield code="a">BCEJYS</subfield>
    <subfield code="b">BCEJYS</subfield>
    <subfield code="c">17</subfield>
    <subfield code="d">2008-06-01</subfield>
    <subfield code="h">jun. 2008</subfield>
    <subfield code="l">0</subfield>
    <subfield code="o">H336.71 INF 6.2008</subfield>
    <subfield code="p">R09157</subfield>
    <subfield code="r">2026-04-10 16:07:55</subfield>
    <subfield code="w">2026-04-10</subfield>
    <subfield code="y">RN</subfield>
  </datafield>
  <datafield tag="952" ind1=" " ind2=" ">
    <subfield code="0">0</subfield>
    <subfield code="1">0</subfield>
    <subfield code="4">0</subfield>
    <subfield code="7">0</subfield>
    <subfield code="a">BCEJYS</subfield>
    <subfield code="b">BCEJYS</subfield>
    <subfield code="c">17</subfield>
    <subfield code="d">2008-05-01</subfield>
    <subfield code="h">mayo 2008</subfield>
    <subfield code="l">0</subfield>
    <subfield code="o">H336.71 INF 5.2008</subfield>
    <subfield code="p">R09156</subfield>
    <subfield code="r">2026-04-10 16:07:55</subfield>
    <subfield code="w">2026-04-10</subfield>
    <subfield code="y">RN</subfield>
  </datafield>
  <datafield tag="952" ind1=" " ind2=" ">
    <subfield code="0">0</subfield>
    <subfield code="1">0</subfield>
    <subfield code="4">0</subfield>
    <subfield code="7">0</subfield>
    <subfield code="a">BCEJYS</subfield>
    <subfield code="b">BCEJYS</subfield>
    <subfield code="c">17</subfield>
    <subfield code="d">2008-04-01</subfield>
    <subfield code="h">abr. 2008</subfield>
    <subfield code="l">0</subfield>
    <subfield code="o">H336.71 INF 4.2008</subfield>
    <subfield code="p">R09155</subfield>
    <subfield code="r">2026-04-10 16:07:55</subfield>
    <subfield code="w">2026-04-10</subfield>
    <subfield code="y">RN</subfield>
  </datafield>
  <datafield tag="952" ind1=" " ind2=" ">
    <subfield code="0">0</subfield>
    <subfield code="1">0</subfield>
    <subfield code="4">0</subfield>
    <subfield code="7">0</subfield>
    <subfield code="a">BCEJYS</subfield>
    <subfield code="b">BCEJYS</subfield>
    <subfield code="c">17</subfield>
    <subfield code="d">2008-03-01</subfield>
    <subfield code="h">mar. 2008</subfield>
    <subfield code="l">0</subfield>
    <subfield code="o">H336.71 INF 3.2008</subfield>
    <subfield code="p">R09154</subfield>
    <subfield code="r">2026-04-10 16:07:55</subfield>
    <subfield code="w">2026-04-10</subfield>
    <subfield code="y">RN</subfield>
  </datafield>
  <datafield tag="952" ind1=" " ind2=" ">
    <subfield code="0">0</subfield>
    <subfield code="1">0</subfield>
    <subfield code="4">0</subfield>
    <subfield code="7">0</subfield>
    <subfield code="a">BCEJYS</subfield>
    <subfield code="b">BCEJYS</subfield>
    <subfield code="c">17</subfield>
    <subfield code="d">2008-02-01</subfield>
    <subfield code="h">feb. 2008</subfield>
    <subfield code="l">0</subfield>
    <subfield code="o">H336.71 INF 2.2008</subfield>
    <subfield code="p">R09153</subfield>
    <subfield code="r">2026-04-10 16:07:55</subfield>
    <subfield code="w">2026-04-10</subfield>
    <subfield code="y">RN</subfield>
  </datafield>
  <datafield tag="952" ind1=" " ind2=" ">
    <subfield code="0">0</subfield>
    <subfield code="1">0</subfield>
    <subfield code="4">0</subfield>
    <subfield code="7">0</subfield>
    <subfield code="a">BCEJYS</subfield>
    <subfield code="b">BCEJYS</subfield>
    <subfield code="c">17</subfield>
    <subfield code="d">2008-01-01</subfield>
    <subfield code="h">ene. 2008</subfield>
    <subfield code="l">0</subfield>
    <subfield code="o">H336.71 INF 1.2008</subfield>
    <subfield code="p">R09152</subfield>
    <subfield code="r">2026-04-10 16:07:55</subfield>
    <subfield code="w">2026-04-10</subfield>
    <subfield code="y">RN</subfield>
  </datafield>
  <datafield tag="952" ind1=" " ind2=" ">
    <subfield code="0">0</subfield>
    <subfield code="1">0</subfield>
    <subfield code="4">0</subfield>
    <subfield code="7">0</subfield>
    <subfield code="a">BCEJYS</subfield>
    <subfield code="b">BCEJYS</subfield>
    <subfield code="c">17</subfield>
    <subfield code="d">2007-11-01</subfield>
    <subfield code="h">nov. 2007</subfield>
    <subfield code="l">0</subfield>
    <subfield code="o">H336.71 INF 11.2007</subfield>
    <subfield code="p">R09151</subfield>
    <subfield code="r">2026-04-10 16:07:55</subfield>
    <subfield code="w">2026-04-10</subfield>
    <subfield code="y">RN</subfield>
  </datafield>
  <datafield tag="952" ind1=" " ind2=" ">
    <subfield code="0">0</subfield>
    <subfield code="1">0</subfield>
    <subfield code="4">0</subfield>
    <subfield code="7">0</subfield>
    <subfield code="a">BCEJYS</subfield>
    <subfield code="b">BCEJYS</subfield>
    <subfield code="c">17</subfield>
    <subfield code="d">2007-10-01</subfield>
    <subfield code="h">oct. 2007</subfield>
    <subfield code="l">0</subfield>
    <subfield code="o">H336.71 INF 10.2007</subfield>
    <subfield code="p">R09150</subfield>
    <subfield code="r">2026-04-10 16:07:55</subfield>
    <subfield code="w">2026-04-10</subfield>
    <subfield code="y">RN</subfield>
  </datafield>
  <datafield tag="952" ind1=" " ind2=" ">
    <subfield code="0">0</subfield>
    <subfield code="1">0</subfield>
    <subfield code="4">0</subfield>
    <subfield code="7">0</subfield>
    <subfield code="a">BCEJYS</subfield>
    <subfield code="b">BCEJYS</subfield>
    <subfield code="c">17</subfield>
    <subfield code="d">2007-09-01</subfield>
    <subfield code="h">sep. 2007</subfield>
    <subfield code="l">0</subfield>
    <subfield code="o">H336.71 INF 9.2007</subfield>
    <subfield code="p">R09149</subfield>
    <subfield code="r">2026-04-10 16:07:55</subfield>
    <subfield code="w">2026-04-10</subfield>
    <subfield code="y">RN</subfield>
  </datafield>
  <datafield tag="952" ind1=" " ind2=" ">
    <subfield code="0">0</subfield>
    <subfield code="1">0</subfield>
    <subfield code="4">0</subfield>
    <subfield code="7">0</subfield>
    <subfield code="a">BCEJYS</subfield>
    <subfield code="b">BCEJYS</subfield>
    <subfield code="c">17</subfield>
    <subfield code="d">2007-08-01</subfield>
    <subfield code="h">ago. 2007</subfield>
    <subfield code="l">0</subfield>
    <subfield code="o">H336.71 INF 8.2007</subfield>
    <subfield code="p">R09148</subfield>
    <subfield code="r">2026-04-10 16:07:55</subfield>
    <subfield code="w">2026-04-10</subfield>
    <subfield code="y">RN</subfield>
  </datafield>
  <datafield tag="952" ind1=" " ind2=" ">
    <subfield code="0">0</subfield>
    <subfield code="1">0</subfield>
    <subfield code="4">0</subfield>
    <subfield code="7">0</subfield>
    <subfield code="a">BCEJYS</subfield>
    <subfield code="b">BCEJYS</subfield>
    <subfield code="c">17</subfield>
    <subfield code="d">2007-07-01</subfield>
    <subfield code="h">jul. 2007</subfield>
    <subfield code="l">0</subfield>
    <subfield code="o">H336.71 INF 7.2007</subfield>
    <subfield code="p">R09147</subfield>
    <subfield code="r">2026-04-10 16:07:55</subfield>
    <subfield code="w">2026-04-10</subfield>
    <subfield code="y">RN</subfield>
  </datafield>
  <datafield tag="952" ind1=" " ind2=" ">
    <subfield code="0">0</subfield>
    <subfield code="1">0</subfield>
    <subfield code="4">0</subfield>
    <subfield code="7">0</subfield>
    <subfield code="a">BCEJYS</subfield>
    <subfield code="b">BCEJYS</subfield>
    <subfield code="c">17</subfield>
    <subfield code="d">2007-06-01</subfield>
    <subfield code="h">jun. 2007</subfield>
    <subfield code="l">0</subfield>
    <subfield code="o">H336.71 INF 6.2007</subfield>
    <subfield code="p">R09146</subfield>
    <subfield code="r">2026-04-10 16:07:55</subfield>
    <subfield code="w">2026-04-10</subfield>
    <subfield code="y">RN</subfield>
  </datafield>
  <datafield tag="952" ind1=" " ind2=" ">
    <subfield code="0">0</subfield>
    <subfield code="1">0</subfield>
    <subfield code="4">0</subfield>
    <subfield code="7">0</subfield>
    <subfield code="a">BCEJYS</subfield>
    <subfield code="b">BCEJYS</subfield>
    <subfield code="c">17</subfield>
    <subfield code="d">2007-05-01</subfield>
    <subfield code="h">mayo 2007</subfield>
    <subfield code="l">0</subfield>
    <subfield code="o">H336.71 INF 5.2007</subfield>
    <subfield code="p">R09145</subfield>
    <subfield code="r">2026-04-10 16:07:56</subfield>
    <subfield code="w">2026-04-10</subfield>
    <subfield code="y">RN</subfield>
  </datafield>
  <datafield tag="952" ind1=" " ind2=" ">
    <subfield code="0">0</subfield>
    <subfield code="1">0</subfield>
    <subfield code="4">0</subfield>
    <subfield code="7">0</subfield>
    <subfield code="a">BCEJYS</subfield>
    <subfield code="b">BCEJYS</subfield>
    <subfield code="c">17</subfield>
    <subfield code="d">2007-04-01</subfield>
    <subfield code="h">abr. 2007</subfield>
    <subfield code="l">0</subfield>
    <subfield code="o">H336.71 INF 4.2007</subfield>
    <subfield code="p">R09144</subfield>
    <subfield code="r">2026-04-10 16:07:56</subfield>
    <subfield code="w">2026-04-10</subfield>
    <subfield code="y">RN</subfield>
  </datafield>
  <datafield tag="952" ind1=" " ind2=" ">
    <subfield code="0">0</subfield>
    <subfield code="1">0</subfield>
    <subfield code="4">0</subfield>
    <subfield code="7">0</subfield>
    <subfield code="a">BCEJYS</subfield>
    <subfield code="b">BCEJYS</subfield>
    <subfield code="c">17</subfield>
    <subfield code="d">2007-03-01</subfield>
    <subfield code="h">mar. 2007</subfield>
    <subfield code="l">0</subfield>
    <subfield code="o">H336.71 INF 3.2007</subfield>
    <subfield code="p">R09143</subfield>
    <subfield code="r">2026-04-10 16:07:56</subfield>
    <subfield code="w">2026-04-10</subfield>
    <subfield code="y">RN</subfield>
  </datafield>
  <datafield tag="952" ind1=" " ind2=" ">
    <subfield code="0">0</subfield>
    <subfield code="1">0</subfield>
    <subfield code="4">0</subfield>
    <subfield code="7">0</subfield>
    <subfield code="a">BCEJYS</subfield>
    <subfield code="b">BCEJYS</subfield>
    <subfield code="c">17</subfield>
    <subfield code="d">2007-02-01</subfield>
    <subfield code="h">feb. 2007</subfield>
    <subfield code="l">0</subfield>
    <subfield code="o">H336.71 INF 2.2007</subfield>
    <subfield code="p">R09142</subfield>
    <subfield code="r">2026-04-10 16:07:56</subfield>
    <subfield code="w">2026-04-10</subfield>
    <subfield code="y">RN</subfield>
  </datafield>
  <datafield tag="952" ind1=" " ind2=" ">
    <subfield code="0">0</subfield>
    <subfield code="1">0</subfield>
    <subfield code="4">0</subfield>
    <subfield code="7">0</subfield>
    <subfield code="a">BCEJYS</subfield>
    <subfield code="b">BCEJYS</subfield>
    <subfield code="c">17</subfield>
    <subfield code="d">2007-01-01</subfield>
    <subfield code="h">ene. 2007</subfield>
    <subfield code="l">0</subfield>
    <subfield code="o">H336.71 INF 1.2007</subfield>
    <subfield code="p">R09141</subfield>
    <subfield code="r">2026-04-10 16:07:56</subfield>
    <subfield code="w">2026-04-10</subfield>
    <subfield code="y">RN</subfield>
  </datafield>
  <datafield tag="952" ind1=" " ind2=" ">
    <subfield code="0">0</subfield>
    <subfield code="1">0</subfield>
    <subfield code="4">0</subfield>
    <subfield code="7">0</subfield>
    <subfield code="a">BCEJYS</subfield>
    <subfield code="b">BCEJYS</subfield>
    <subfield code="c">17</subfield>
    <subfield code="d">2006-12-01</subfield>
    <subfield code="h">dic. 2006</subfield>
    <subfield code="l">0</subfield>
    <subfield code="o">H336.71 INF 12.2006</subfield>
    <subfield code="p">R09140</subfield>
    <subfield code="r">2026-04-10 16:07:56</subfield>
    <subfield code="w">2026-04-10</subfield>
    <subfield code="y">RN</subfield>
  </datafield>
  <datafield tag="952" ind1=" " ind2=" ">
    <subfield code="0">0</subfield>
    <subfield code="1">0</subfield>
    <subfield code="4">0</subfield>
    <subfield code="7">0</subfield>
    <subfield code="a">BCEJYS</subfield>
    <subfield code="b">BCEJYS</subfield>
    <subfield code="c">17</subfield>
    <subfield code="d">2006-11-01</subfield>
    <subfield code="h">nov. 2006</subfield>
    <subfield code="l">0</subfield>
    <subfield code="o">H336.71 INF 11.2006</subfield>
    <subfield code="p">R09139</subfield>
    <subfield code="r">2026-04-10 16:07:56</subfield>
    <subfield code="w">2026-04-10</subfield>
    <subfield code="y">RN</subfield>
  </datafield>
  <datafield tag="952" ind1=" " ind2=" ">
    <subfield code="0">0</subfield>
    <subfield code="1">0</subfield>
    <subfield code="4">0</subfield>
    <subfield code="7">0</subfield>
    <subfield code="a">BCEJYS</subfield>
    <subfield code="b">BCEJYS</subfield>
    <subfield code="c">17</subfield>
    <subfield code="d">2006-10-01</subfield>
    <subfield code="h">oct. 2006</subfield>
    <subfield code="l">0</subfield>
    <subfield code="o">H336.71 INF 10.2006</subfield>
    <subfield code="p">R09138</subfield>
    <subfield code="r">2026-04-10 16:07:56</subfield>
    <subfield code="w">2026-04-10</subfield>
    <subfield code="y">RN</subfield>
  </datafield>
  <datafield tag="952" ind1=" " ind2=" ">
    <subfield code="0">0</subfield>
    <subfield code="1">0</subfield>
    <subfield code="4">0</subfield>
    <subfield code="7">0</subfield>
    <subfield code="a">BCEJYS</subfield>
    <subfield code="b">BCEJYS</subfield>
    <subfield code="c">17</subfield>
    <subfield code="d">2006-09-01</subfield>
    <subfield code="h">sep. 2006</subfield>
    <subfield code="l">0</subfield>
    <subfield code="o">H336.71 INF 9.2006</subfield>
    <subfield code="p">R09137</subfield>
    <subfield code="r">2026-04-10 16:07:56</subfield>
    <subfield code="w">2026-04-10</subfield>
    <subfield code="y">RN</subfield>
  </datafield>
  <datafield tag="952" ind1=" " ind2=" ">
    <subfield code="0">0</subfield>
    <subfield code="1">0</subfield>
    <subfield code="4">0</subfield>
    <subfield code="7">0</subfield>
    <subfield code="a">BCEJYS</subfield>
    <subfield code="b">BCEJYS</subfield>
    <subfield code="c">17</subfield>
    <subfield code="d">2006-08-01</subfield>
    <subfield code="h">ago. 2006</subfield>
    <subfield code="l">0</subfield>
    <subfield code="o">H336.71 INF 8.2006</subfield>
    <subfield code="p">R09136</subfield>
    <subfield code="r">2026-04-10 16:07:56</subfield>
    <subfield code="w">2026-04-10</subfield>
    <subfield code="y">RN</subfield>
  </datafield>
  <datafield tag="952" ind1=" " ind2=" ">
    <subfield code="0">0</subfield>
    <subfield code="1">0</subfield>
    <subfield code="4">0</subfield>
    <subfield code="7">0</subfield>
    <subfield code="a">BCEJYS</subfield>
    <subfield code="b">BCEJYS</subfield>
    <subfield code="c">17</subfield>
    <subfield code="d">2006-07-01</subfield>
    <subfield code="h">jul. 2006</subfield>
    <subfield code="l">0</subfield>
    <subfield code="o">H336.71 INF 7.2006</subfield>
    <subfield code="p">R09135</subfield>
    <subfield code="r">2026-04-10 16:07:56</subfield>
    <subfield code="w">2026-04-10</subfield>
    <subfield code="y">RN</subfield>
  </datafield>
  <datafield tag="952" ind1=" " ind2=" ">
    <subfield code="0">0</subfield>
    <subfield code="1">0</subfield>
    <subfield code="4">0</subfield>
    <subfield code="7">0</subfield>
    <subfield code="a">BCEJYS</subfield>
    <subfield code="b">BCEJYS</subfield>
    <subfield code="c">17</subfield>
    <subfield code="d">2006-06-01</subfield>
    <subfield code="h">jun. 2006</subfield>
    <subfield code="l">0</subfield>
    <subfield code="o">H336.71 INF 6.2006</subfield>
    <subfield code="p">R09134</subfield>
    <subfield code="r">2026-04-10 16:07:56</subfield>
    <subfield code="w">2026-04-10</subfield>
    <subfield code="y">RN</subfield>
  </datafield>
  <datafield tag="952" ind1=" " ind2=" ">
    <subfield code="0">0</subfield>
    <subfield code="1">0</subfield>
    <subfield code="4">0</subfield>
    <subfield code="7">0</subfield>
    <subfield code="a">BCEJYS</subfield>
    <subfield code="b">BCEJYS</subfield>
    <subfield code="c">17</subfield>
    <subfield code="d">2006-05-01</subfield>
    <subfield code="h">mayo 2006</subfield>
    <subfield code="l">0</subfield>
    <subfield code="o">H336.71 INF 5.2006</subfield>
    <subfield code="p">R09133</subfield>
    <subfield code="r">2026-04-10 16:07:56</subfield>
    <subfield code="w">2026-04-10</subfield>
    <subfield code="y">RN</subfield>
  </datafield>
  <datafield tag="952" ind1=" " ind2=" ">
    <subfield code="0">0</subfield>
    <subfield code="1">0</subfield>
    <subfield code="4">0</subfield>
    <subfield code="7">0</subfield>
    <subfield code="a">BCEJYS</subfield>
    <subfield code="b">BCEJYS</subfield>
    <subfield code="c">17</subfield>
    <subfield code="d">2006-04-01</subfield>
    <subfield code="h">abr. 2006</subfield>
    <subfield code="l">0</subfield>
    <subfield code="o">H336.71 INF 4.2006</subfield>
    <subfield code="p">R09132</subfield>
    <subfield code="r">2026-04-10 16:07:56</subfield>
    <subfield code="w">2026-04-10</subfield>
    <subfield code="y">RN</subfield>
  </datafield>
  <datafield tag="952" ind1=" " ind2=" ">
    <subfield code="0">0</subfield>
    <subfield code="1">0</subfield>
    <subfield code="4">0</subfield>
    <subfield code="7">0</subfield>
    <subfield code="a">BCEJYS</subfield>
    <subfield code="b">BCEJYS</subfield>
    <subfield code="c">17</subfield>
    <subfield code="d">2006-03-01</subfield>
    <subfield code="h">mar. 2006</subfield>
    <subfield code="l">0</subfield>
    <subfield code="o">H336.71 INF 3.2006</subfield>
    <subfield code="p">R09131</subfield>
    <subfield code="r">2026-04-10 16:07:56</subfield>
    <subfield code="w">2026-04-10</subfield>
    <subfield code="y">RN</subfield>
  </datafield>
  <datafield tag="952" ind1=" " ind2=" ">
    <subfield code="0">0</subfield>
    <subfield code="1">0</subfield>
    <subfield code="4">0</subfield>
    <subfield code="7">0</subfield>
    <subfield code="a">BCEJYS</subfield>
    <subfield code="b">BCEJYS</subfield>
    <subfield code="c">17</subfield>
    <subfield code="d">2006-02-01</subfield>
    <subfield code="h">feb. 2006</subfield>
    <subfield code="l">0</subfield>
    <subfield code="o">H336.71 INF 2.2006</subfield>
    <subfield code="p">R09130</subfield>
    <subfield code="r">2026-04-10 16:07:56</subfield>
    <subfield code="w">2026-04-10</subfield>
    <subfield code="y">RN</subfield>
  </datafield>
  <datafield tag="952" ind1=" " ind2=" ">
    <subfield code="0">0</subfield>
    <subfield code="1">0</subfield>
    <subfield code="4">0</subfield>
    <subfield code="7">0</subfield>
    <subfield code="a">BCEJYS</subfield>
    <subfield code="b">BCEJYS</subfield>
    <subfield code="c">17</subfield>
    <subfield code="d">2006-01-01</subfield>
    <subfield code="h">jun. 2006</subfield>
    <subfield code="l">0</subfield>
    <subfield code="o">H336.71 INF 1.2006</subfield>
    <subfield code="p">R09129</subfield>
    <subfield code="r">2026-04-10 16:07:56</subfield>
    <subfield code="w">2026-04-10</subfield>
    <subfield code="y">RN</subfield>
  </datafield>
  <datafield tag="952" ind1=" " ind2=" ">
    <subfield code="0">0</subfield>
    <subfield code="1">0</subfield>
    <subfield code="4">0</subfield>
    <subfield code="7">0</subfield>
    <subfield code="a">BCEJYS</subfield>
    <subfield code="b">BCEJYS</subfield>
    <subfield code="c">17</subfield>
    <subfield code="d">2005-12-01</subfield>
    <subfield code="h">dic. 2005</subfield>
    <subfield code="l">0</subfield>
    <subfield code="o">H336.71 INF 12.2005</subfield>
    <subfield code="p">R09128</subfield>
    <subfield code="r">2026-04-10 16:07:56</subfield>
    <subfield code="w">2026-04-10</subfield>
    <subfield code="y">RN</subfield>
  </datafield>
  <datafield tag="952" ind1=" " ind2=" ">
    <subfield code="0">0</subfield>
    <subfield code="1">0</subfield>
    <subfield code="4">0</subfield>
    <subfield code="7">0</subfield>
    <subfield code="a">BCEJYS</subfield>
    <subfield code="b">BCEJYS</subfield>
    <subfield code="c">17</subfield>
    <subfield code="d">2005-11-01</subfield>
    <subfield code="h">nov. 2005</subfield>
    <subfield code="l">0</subfield>
    <subfield code="o">H336.71 INF 11.2005</subfield>
    <subfield code="p">R09127</subfield>
    <subfield code="r">2026-04-10 16:07:56</subfield>
    <subfield code="w">2026-04-10</subfield>
    <subfield code="y">RN</subfield>
  </datafield>
  <datafield tag="952" ind1=" " ind2=" ">
    <subfield code="0">0</subfield>
    <subfield code="1">0</subfield>
    <subfield code="4">0</subfield>
    <subfield code="7">0</subfield>
    <subfield code="a">BCEJYS</subfield>
    <subfield code="b">BCEJYS</subfield>
    <subfield code="c">17</subfield>
    <subfield code="d">2005-10-01</subfield>
    <subfield code="h">oct. 2005</subfield>
    <subfield code="l">0</subfield>
    <subfield code="o">H336.71 INF 10.2005</subfield>
    <subfield code="p">R09126</subfield>
    <subfield code="r">2026-04-10 16:07:56</subfield>
    <subfield code="w">2026-04-10</subfield>
    <subfield code="y">RN</subfield>
  </datafield>
  <datafield tag="952" ind1=" " ind2=" ">
    <subfield code="0">0</subfield>
    <subfield code="1">0</subfield>
    <subfield code="4">0</subfield>
    <subfield code="7">0</subfield>
    <subfield code="a">BCEJYS</subfield>
    <subfield code="b">BCEJYS</subfield>
    <subfield code="c">17</subfield>
    <subfield code="d">2005-09-01</subfield>
    <subfield code="h">sep. 2005</subfield>
    <subfield code="l">0</subfield>
    <subfield code="o">H336.71 INF 9.2005</subfield>
    <subfield code="p">R09125</subfield>
    <subfield code="r">2026-04-10 16:07:56</subfield>
    <subfield code="w">2026-04-10</subfield>
    <subfield code="y">RN</subfield>
  </datafield>
  <datafield tag="952" ind1=" " ind2=" ">
    <subfield code="0">0</subfield>
    <subfield code="1">0</subfield>
    <subfield code="4">0</subfield>
    <subfield code="7">0</subfield>
    <subfield code="a">BCEJYS</subfield>
    <subfield code="b">BCEJYS</subfield>
    <subfield code="c">17</subfield>
    <subfield code="d">2005-08-01</subfield>
    <subfield code="h">ago. 2005</subfield>
    <subfield code="l">0</subfield>
    <subfield code="o">H336.71 INF 8.2005</subfield>
    <subfield code="p">R09124</subfield>
    <subfield code="r">2026-04-10 16:07:56</subfield>
    <subfield code="w">2026-04-10</subfield>
    <subfield code="y">RN</subfield>
  </datafield>
  <datafield tag="952" ind1=" " ind2=" ">
    <subfield code="0">0</subfield>
    <subfield code="1">0</subfield>
    <subfield code="4">0</subfield>
    <subfield code="7">0</subfield>
    <subfield code="a">BCEJYS</subfield>
    <subfield code="b">BCEJYS</subfield>
    <subfield code="c">17</subfield>
    <subfield code="d">2005-07-01</subfield>
    <subfield code="h">jul. 2005</subfield>
    <subfield code="l">0</subfield>
    <subfield code="o">H336.71 INF 7.2005</subfield>
    <subfield code="p">R09123</subfield>
    <subfield code="r">2026-04-10 16:07:56</subfield>
    <subfield code="w">2026-04-10</subfield>
    <subfield code="y">RN</subfield>
  </datafield>
  <datafield tag="952" ind1=" " ind2=" ">
    <subfield code="0">0</subfield>
    <subfield code="1">0</subfield>
    <subfield code="4">0</subfield>
    <subfield code="7">0</subfield>
    <subfield code="a">BCEJYS</subfield>
    <subfield code="b">BCEJYS</subfield>
    <subfield code="c">17</subfield>
    <subfield code="d">2005-04-01</subfield>
    <subfield code="h">abr./jun. 2005</subfield>
    <subfield code="l">0</subfield>
    <subfield code="o">H336.71 INF 4.2005</subfield>
    <subfield code="p">R09122</subfield>
    <subfield code="r">2026-04-10 16:07:56</subfield>
    <subfield code="w">2026-04-10</subfield>
    <subfield code="y">RN</subfield>
  </datafield>
  <datafield tag="952" ind1=" " ind2=" ">
    <subfield code="0">0</subfield>
    <subfield code="1">0</subfield>
    <subfield code="4">0</subfield>
    <subfield code="7">0</subfield>
    <subfield code="a">BCEJYS</subfield>
    <subfield code="b">BCEJYS</subfield>
    <subfield code="c">17</subfield>
    <subfield code="d">2005-01-01</subfield>
    <subfield code="h">ene./mar. 2005</subfield>
    <subfield code="l">0</subfield>
    <subfield code="o">H336.71 INF 1.2005</subfield>
    <subfield code="p">R09121</subfield>
    <subfield code="r">2026-04-10 16:07:56</subfield>
    <subfield code="w">2026-04-10</subfield>
    <subfield code="y">RN</subfield>
  </datafield>
  <datafield tag="952" ind1=" " ind2=" ">
    <subfield code="0">0</subfield>
    <subfield code="1">0</subfield>
    <subfield code="4">0</subfield>
    <subfield code="7">0</subfield>
    <subfield code="a">BCEJYS</subfield>
    <subfield code="b">BCEJYS</subfield>
    <subfield code="c">17</subfield>
    <subfield code="d">2004-10-01</subfield>
    <subfield code="h">oct./dic. 2004</subfield>
    <subfield code="l">0</subfield>
    <subfield code="o">H336.71 INF 10.2004</subfield>
    <subfield code="p">R09120</subfield>
    <subfield code="r">2026-04-10 16:07:56</subfield>
    <subfield code="w">2026-04-10</subfield>
    <subfield code="y">RN</subfield>
  </datafield>
  <datafield tag="952" ind1=" " ind2=" ">
    <subfield code="0">0</subfield>
    <subfield code="1">0</subfield>
    <subfield code="4">0</subfield>
    <subfield code="7">0</subfield>
    <subfield code="a">BCEJYS</subfield>
    <subfield code="b">BCEJYS</subfield>
    <subfield code="c">17</subfield>
    <subfield code="d">2004-07-01</subfield>
    <subfield code="h">jul./sep. 2004</subfield>
    <subfield code="l">0</subfield>
    <subfield code="o">H336.71 INF 7.2004</subfield>
    <subfield code="p">R09119</subfield>
    <subfield code="r">2026-04-10 16:07:56</subfield>
    <subfield code="w">2026-04-10</subfield>
    <subfield code="y">RN</subfield>
  </datafield>
  <datafield tag="952" ind1=" " ind2=" ">
    <subfield code="0">0</subfield>
    <subfield code="1">0</subfield>
    <subfield code="4">0</subfield>
    <subfield code="7">0</subfield>
    <subfield code="a">BCEJYS</subfield>
    <subfield code="b">BCEJYS</subfield>
    <subfield code="c">17</subfield>
    <subfield code="d">2004-04-01</subfield>
    <subfield code="h">abr./jun. 2004</subfield>
    <subfield code="l">0</subfield>
    <subfield code="o">H336.71 INF 4.2004</subfield>
    <subfield code="p">R09118</subfield>
    <subfield code="r">2026-04-10 16:07:56</subfield>
    <subfield code="w">2026-04-10</subfield>
    <subfield code="y">RN</subfield>
  </datafield>
  <datafield tag="952" ind1=" " ind2=" ">
    <subfield code="0">0</subfield>
    <subfield code="1">0</subfield>
    <subfield code="4">0</subfield>
    <subfield code="7">0</subfield>
    <subfield code="a">BCEJYS</subfield>
    <subfield code="b">BCEJYS</subfield>
    <subfield code="c">17</subfield>
    <subfield code="d">2004-03-01</subfield>
    <subfield code="h">mar. 2004</subfield>
    <subfield code="l">0</subfield>
    <subfield code="o">H336.71 INF 3.2004</subfield>
    <subfield code="p">R09117</subfield>
    <subfield code="r">2026-04-10 16:07:56</subfield>
    <subfield code="w">2026-04-10</subfield>
    <subfield code="y">RN</subfield>
  </datafield>
  <datafield tag="952" ind1=" " ind2=" ">
    <subfield code="0">0</subfield>
    <subfield code="1">0</subfield>
    <subfield code="4">0</subfield>
    <subfield code="7">0</subfield>
    <subfield code="a">BCEJYS</subfield>
    <subfield code="b">BCEJYS</subfield>
    <subfield code="c">17</subfield>
    <subfield code="d">2004-02-01</subfield>
    <subfield code="h">feb. 2004</subfield>
    <subfield code="l">0</subfield>
    <subfield code="o">H336.71 INF 2.2004</subfield>
    <subfield code="p">R09116</subfield>
    <subfield code="r">2026-04-10 16:07:56</subfield>
    <subfield code="w">2026-04-10</subfield>
    <subfield code="y">RN</subfield>
  </datafield>
  <datafield tag="952" ind1=" " ind2=" ">
    <subfield code="0">0</subfield>
    <subfield code="1">0</subfield>
    <subfield code="4">0</subfield>
    <subfield code="7">0</subfield>
    <subfield code="a">BCEJYS</subfield>
    <subfield code="b">BCEJYS</subfield>
    <subfield code="c">17</subfield>
    <subfield code="d">2004-01-01</subfield>
    <subfield code="h">ene. 2004</subfield>
    <subfield code="l">0</subfield>
    <subfield code="o">H336.71 INF 1.2004</subfield>
    <subfield code="p">R09115</subfield>
    <subfield code="r">2026-04-10 16:07:56</subfield>
    <subfield code="w">2026-04-10</subfield>
    <subfield code="y">RN</subfield>
  </datafield>
  <datafield tag="952" ind1=" " ind2=" ">
    <subfield code="0">0</subfield>
    <subfield code="1">0</subfield>
    <subfield code="4">0</subfield>
    <subfield code="7">0</subfield>
    <subfield code="a">BCEJYS</subfield>
    <subfield code="b">BCEJYS</subfield>
    <subfield code="c">17</subfield>
    <subfield code="d">2003-12-01</subfield>
    <subfield code="h">dic. 2003</subfield>
    <subfield code="l">0</subfield>
    <subfield code="o">H336.71 INF 12.2003</subfield>
    <subfield code="p">R09073</subfield>
    <subfield code="r">2026-04-10 16:07:56</subfield>
    <subfield code="w">2026-04-10</subfield>
    <subfield code="y">RN</subfield>
  </datafield>
  <datafield tag="952" ind1=" " ind2=" ">
    <subfield code="0">0</subfield>
    <subfield code="1">0</subfield>
    <subfield code="4">0</subfield>
    <subfield code="7">0</subfield>
    <subfield code="a">BCEJYS</subfield>
    <subfield code="b">BCEJYS</subfield>
    <subfield code="c">17</subfield>
    <subfield code="d">2003-11-01</subfield>
    <subfield code="h">nov. 2003</subfield>
    <subfield code="l">0</subfield>
    <subfield code="o">H336.71 INF 11.2003</subfield>
    <subfield code="p">R09114</subfield>
    <subfield code="r">2026-04-10 16:07:56</subfield>
    <subfield code="w">2026-04-10</subfield>
    <subfield code="y">RN</subfield>
  </datafield>
  <datafield tag="952" ind1=" " ind2=" ">
    <subfield code="0">0</subfield>
    <subfield code="1">0</subfield>
    <subfield code="4">0</subfield>
    <subfield code="7">0</subfield>
    <subfield code="a">BCEJYS</subfield>
    <subfield code="b">BCEJYS</subfield>
    <subfield code="c">17</subfield>
    <subfield code="d">2003-10-01</subfield>
    <subfield code="h">oct. 2003</subfield>
    <subfield code="l">0</subfield>
    <subfield code="o">H336.71 INF 10.2003</subfield>
    <subfield code="p">R09113</subfield>
    <subfield code="r">2026-04-10 16:07:56</subfield>
    <subfield code="w">2026-04-10</subfield>
    <subfield code="y">RN</subfield>
  </datafield>
  <datafield tag="952" ind1=" " ind2=" ">
    <subfield code="0">0</subfield>
    <subfield code="1">0</subfield>
    <subfield code="4">0</subfield>
    <subfield code="7">0</subfield>
    <subfield code="a">BCEJYS</subfield>
    <subfield code="b">BCEJYS</subfield>
    <subfield code="c">17</subfield>
    <subfield code="d">2003-09-01</subfield>
    <subfield code="h">sep. 2003</subfield>
    <subfield code="l">0</subfield>
    <subfield code="o">H336.71 INF 9.2003</subfield>
    <subfield code="p">R09112</subfield>
    <subfield code="r">2026-04-10 16:07:56</subfield>
    <subfield code="w">2026-04-10</subfield>
    <subfield code="y">RN</subfield>
  </datafield>
  <datafield tag="952" ind1=" " ind2=" ">
    <subfield code="0">0</subfield>
    <subfield code="1">0</subfield>
    <subfield code="4">0</subfield>
    <subfield code="7">0</subfield>
    <subfield code="a">BCEJYS</subfield>
    <subfield code="b">BCEJYS</subfield>
    <subfield code="c">17</subfield>
    <subfield code="d">2003-01-01</subfield>
    <subfield code="h">ene./jun. 2003</subfield>
    <subfield code="l">0</subfield>
    <subfield code="o">H336.71 INF 1.2003</subfield>
    <subfield code="p">R09111</subfield>
    <subfield code="r">2026-04-10 16:07:56</subfield>
    <subfield code="w">2026-04-10</subfield>
    <subfield code="y">RN</subfield>
  </datafield>
  <datafield tag="952" ind1=" " ind2=" ">
    <subfield code="0">0</subfield>
    <subfield code="1">0</subfield>
    <subfield code="4">0</subfield>
    <subfield code="7">0</subfield>
    <subfield code="a">BCEJYS</subfield>
    <subfield code="b">BCEJYS</subfield>
    <subfield code="c">17</subfield>
    <subfield code="d">2002-07-01</subfield>
    <subfield code="h">jul./dic. 2002</subfield>
    <subfield code="l">0</subfield>
    <subfield code="o">H336.71 INF 7.2002</subfield>
    <subfield code="p">R09110</subfield>
    <subfield code="r">2026-04-10 16:07:56</subfield>
    <subfield code="w">2026-04-10</subfield>
    <subfield code="y">RN</subfield>
  </datafield>
  <datafield tag="952" ind1=" " ind2=" ">
    <subfield code="0">0</subfield>
    <subfield code="1">0</subfield>
    <subfield code="4">0</subfield>
    <subfield code="7">0</subfield>
    <subfield code="a">BCEJYS</subfield>
    <subfield code="b">BCEJYS</subfield>
    <subfield code="c">17</subfield>
    <subfield code="d">2002-01-01</subfield>
    <subfield code="h">ene./jun. 2002</subfield>
    <subfield code="l">0</subfield>
    <subfield code="o">H336.71 INF 1.2002</subfield>
    <subfield code="p">R09109</subfield>
    <subfield code="r">2026-04-10 16:07:56</subfield>
    <subfield code="w">2026-04-10</subfield>
    <subfield code="y">RN</subfield>
  </datafield>
  <datafield tag="952" ind1=" " ind2=" ">
    <subfield code="0">0</subfield>
    <subfield code="1">0</subfield>
    <subfield code="4">0</subfield>
    <subfield code="7">0</subfield>
    <subfield code="a">BCEJYS</subfield>
    <subfield code="b">BCEJYS</subfield>
    <subfield code="c">17</subfield>
    <subfield code="d">2001-12-01</subfield>
    <subfield code="h">dic. 2001</subfield>
    <subfield code="l">0</subfield>
    <subfield code="o">H336.71 INF 12.2001</subfield>
    <subfield code="p">R09108</subfield>
    <subfield code="r">2026-04-10 16:07:56</subfield>
    <subfield code="w">2026-04-10</subfield>
    <subfield code="y">RN</subfield>
  </datafield>
  <datafield tag="952" ind1=" " ind2=" ">
    <subfield code="0">0</subfield>
    <subfield code="1">0</subfield>
    <subfield code="4">0</subfield>
    <subfield code="7">0</subfield>
    <subfield code="a">BCEJYS</subfield>
    <subfield code="b">BCEJYS</subfield>
    <subfield code="c">17</subfield>
    <subfield code="d">2001-11-01</subfield>
    <subfield code="h">nov. 2001</subfield>
    <subfield code="l">0</subfield>
    <subfield code="o">H336.71 INF 11.2001</subfield>
    <subfield code="p">R09107</subfield>
    <subfield code="r">2026-04-10 16:07:56</subfield>
    <subfield code="w">2026-04-10</subfield>
    <subfield code="y">RN</subfield>
  </datafield>
  <datafield tag="952" ind1=" " ind2=" ">
    <subfield code="0">0</subfield>
    <subfield code="1">0</subfield>
    <subfield code="4">0</subfield>
    <subfield code="7">0</subfield>
    <subfield code="a">BCEJYS</subfield>
    <subfield code="b">BCEJYS</subfield>
    <subfield code="c">17</subfield>
    <subfield code="d">2001-10-01</subfield>
    <subfield code="h">oct. 2001</subfield>
    <subfield code="l">0</subfield>
    <subfield code="o">H336.71 INF 10.2001</subfield>
    <subfield code="p">R09106</subfield>
    <subfield code="r">2026-04-10 16:07:56</subfield>
    <subfield code="w">2026-04-10</subfield>
    <subfield code="y">RN</subfield>
  </datafield>
  <datafield tag="952" ind1=" " ind2=" ">
    <subfield code="0">0</subfield>
    <subfield code="1">0</subfield>
    <subfield code="4">0</subfield>
    <subfield code="7">0</subfield>
    <subfield code="a">BCEJYS</subfield>
    <subfield code="b">BCEJYS</subfield>
    <subfield code="c">17</subfield>
    <subfield code="d">2001-01-01</subfield>
    <subfield code="h">ene. 2001</subfield>
    <subfield code="l">0</subfield>
    <subfield code="o">H336.71 INF 1.2001</subfield>
    <subfield code="p">R09105</subfield>
    <subfield code="r">2026-04-10 16:07:56</subfield>
    <subfield code="w">2026-04-10</subfield>
    <subfield code="y">RN</subfield>
  </datafield>
  <datafield tag="952" ind1=" " ind2=" ">
    <subfield code="0">0</subfield>
    <subfield code="1">0</subfield>
    <subfield code="4">0</subfield>
    <subfield code="7">0</subfield>
    <subfield code="a">BCEJYS</subfield>
    <subfield code="b">BCEJYS</subfield>
    <subfield code="c">17</subfield>
    <subfield code="d">2000-12-01</subfield>
    <subfield code="h">dic. 2000</subfield>
    <subfield code="l">0</subfield>
    <subfield code="o">H336.71 INF 12.2000</subfield>
    <subfield code="p">R09104</subfield>
    <subfield code="r">2026-04-10 16:07:56</subfield>
    <subfield code="w">2026-04-10</subfield>
    <subfield code="y">RN</subfield>
  </datafield>
  <datafield tag="952" ind1=" " ind2=" ">
    <subfield code="0">0</subfield>
    <subfield code="1">0</subfield>
    <subfield code="4">0</subfield>
    <subfield code="7">0</subfield>
    <subfield code="a">BCEJYS</subfield>
    <subfield code="b">BCEJYS</subfield>
    <subfield code="c">17</subfield>
    <subfield code="d">2000-10-01</subfield>
    <subfield code="h">oct. 2000</subfield>
    <subfield code="l">0</subfield>
    <subfield code="o">H336.71 INF 10.2000</subfield>
    <subfield code="p">R09103</subfield>
    <subfield code="r">2026-04-10 16:07:56</subfield>
    <subfield code="w">2026-04-10</subfield>
    <subfield code="y">RN</subfield>
  </datafield>
  <datafield tag="952" ind1=" " ind2=" ">
    <subfield code="0">0</subfield>
    <subfield code="1">0</subfield>
    <subfield code="4">0</subfield>
    <subfield code="7">0</subfield>
    <subfield code="a">BCEJYS</subfield>
    <subfield code="b">BCEJYS</subfield>
    <subfield code="c">17</subfield>
    <subfield code="d">2000-09-01</subfield>
    <subfield code="h">sep. 2000</subfield>
    <subfield code="l">0</subfield>
    <subfield code="o">H336.71 INF 9.2000</subfield>
    <subfield code="p">R09102</subfield>
    <subfield code="r">2026-04-10 16:07:56</subfield>
    <subfield code="w">2026-04-10</subfield>
    <subfield code="y">RN</subfield>
  </datafield>
  <datafield tag="952" ind1=" " ind2=" ">
    <subfield code="0">0</subfield>
    <subfield code="1">0</subfield>
    <subfield code="4">0</subfield>
    <subfield code="7">0</subfield>
    <subfield code="a">BCEJYS</subfield>
    <subfield code="b">BCEJYS</subfield>
    <subfield code="c">17</subfield>
    <subfield code="d">2000-05-01</subfield>
    <subfield code="h">mayo 2000</subfield>
    <subfield code="l">0</subfield>
    <subfield code="o">H336.71 INF 5.2000</subfield>
    <subfield code="p">R09101</subfield>
    <subfield code="r">2026-04-10 16:07:56</subfield>
    <subfield code="w">2026-04-10</subfield>
    <subfield code="y">RN</subfield>
  </datafield>
  <datafield tag="952" ind1=" " ind2=" ">
    <subfield code="0">0</subfield>
    <subfield code="1">0</subfield>
    <subfield code="4">0</subfield>
    <subfield code="7">0</subfield>
    <subfield code="a">BCEJYS</subfield>
    <subfield code="b">BCEJYS</subfield>
    <subfield code="c">17</subfield>
    <subfield code="d">2000-04-01</subfield>
    <subfield code="h">abr. 2000</subfield>
    <subfield code="l">0</subfield>
    <subfield code="o">H336.71 INF 4.2000</subfield>
    <subfield code="p">R09100</subfield>
    <subfield code="r">2026-04-10 16:07:56</subfield>
    <subfield code="w">2026-04-10</subfield>
    <subfield code="y">RN</subfield>
  </datafield>
  <datafield tag="952" ind1=" " ind2=" ">
    <subfield code="0">0</subfield>
    <subfield code="1">0</subfield>
    <subfield code="4">0</subfield>
    <subfield code="7">0</subfield>
    <subfield code="a">BCEJYS</subfield>
    <subfield code="b">BCEJYS</subfield>
    <subfield code="c">17</subfield>
    <subfield code="d">2000-03-01</subfield>
    <subfield code="h">mar. 2000</subfield>
    <subfield code="l">0</subfield>
    <subfield code="o">H336.71 INF 3.2000</subfield>
    <subfield code="p">R09099</subfield>
    <subfield code="r">2026-04-10 16:07:56</subfield>
    <subfield code="w">2026-04-10</subfield>
    <subfield code="y">RN</subfield>
  </datafield>
  <datafield tag="952" ind1=" " ind2=" ">
    <subfield code="0">0</subfield>
    <subfield code="1">0</subfield>
    <subfield code="4">0</subfield>
    <subfield code="7">0</subfield>
    <subfield code="a">BCEJYS</subfield>
    <subfield code="b">BCEJYS</subfield>
    <subfield code="c">17</subfield>
    <subfield code="d">2000-02-01</subfield>
    <subfield code="h">feb. 2000</subfield>
    <subfield code="l">0</subfield>
    <subfield code="o">H336.71 INF 2.2000</subfield>
    <subfield code="p">R09098</subfield>
    <subfield code="r">2026-04-10 16:07:56</subfield>
    <subfield code="w">2026-04-10</subfield>
    <subfield code="y">RN</subfield>
  </datafield>
  <datafield tag="952" ind1=" " ind2=" ">
    <subfield code="0">0</subfield>
    <subfield code="1">0</subfield>
    <subfield code="4">0</subfield>
    <subfield code="7">0</subfield>
    <subfield code="a">BCEJYS</subfield>
    <subfield code="b">BCEJYS</subfield>
    <subfield code="c">17</subfield>
    <subfield code="d">2000-01-01</subfield>
    <subfield code="h">ene. 2000</subfield>
    <subfield code="l">0</subfield>
    <subfield code="o">H336.71 INF 1.2000</subfield>
    <subfield code="p">R09097</subfield>
    <subfield code="r">2026-04-10 16:07:56</subfield>
    <subfield code="w">2026-04-10</subfield>
    <subfield code="y">RN</subfield>
  </datafield>
  <datafield tag="952" ind1=" " ind2=" ">
    <subfield code="0">0</subfield>
    <subfield code="1">0</subfield>
    <subfield code="4">0</subfield>
    <subfield code="7">0</subfield>
    <subfield code="a">BCEJYS</subfield>
    <subfield code="b">BCEJYS</subfield>
    <subfield code="c">17</subfield>
    <subfield code="d">1999-12-01</subfield>
    <subfield code="h">dic. 1999</subfield>
    <subfield code="l">0</subfield>
    <subfield code="o">H336.71 INF 12.1999</subfield>
    <subfield code="p">R09096</subfield>
    <subfield code="r">2026-04-10 16:07:56</subfield>
    <subfield code="w">2026-04-10</subfield>
    <subfield code="y">RN</subfield>
  </datafield>
  <datafield tag="952" ind1=" " ind2=" ">
    <subfield code="0">0</subfield>
    <subfield code="1">0</subfield>
    <subfield code="4">0</subfield>
    <subfield code="7">0</subfield>
    <subfield code="a">BCEJYS</subfield>
    <subfield code="b">BCEJYS</subfield>
    <subfield code="c">17</subfield>
    <subfield code="d">1999-11-01</subfield>
    <subfield code="h">nov. 1999</subfield>
    <subfield code="l">0</subfield>
    <subfield code="o">H336.71 INF 11.1999</subfield>
    <subfield code="p">R09095</subfield>
    <subfield code="r">2026-04-10 16:07:56</subfield>
    <subfield code="w">2026-04-10</subfield>
    <subfield code="y">RN</subfield>
  </datafield>
  <datafield tag="952" ind1=" " ind2=" ">
    <subfield code="0">0</subfield>
    <subfield code="1">0</subfield>
    <subfield code="4">0</subfield>
    <subfield code="7">0</subfield>
    <subfield code="a">BCEJYS</subfield>
    <subfield code="b">BCEJYS</subfield>
    <subfield code="c">17</subfield>
    <subfield code="d">1999-10-01</subfield>
    <subfield code="h">oct. 1999</subfield>
    <subfield code="l">0</subfield>
    <subfield code="o">H336.71 INF 10.1999</subfield>
    <subfield code="p">R09094</subfield>
    <subfield code="r">2026-04-10 16:07:56</subfield>
    <subfield code="w">2026-04-10</subfield>
    <subfield code="y">RN</subfield>
  </datafield>
  <datafield tag="952" ind1=" " ind2=" ">
    <subfield code="0">0</subfield>
    <subfield code="1">0</subfield>
    <subfield code="4">0</subfield>
    <subfield code="7">0</subfield>
    <subfield code="a">BCEJYS</subfield>
    <subfield code="b">BCEJYS</subfield>
    <subfield code="c">17</subfield>
    <subfield code="d">1999-09-01</subfield>
    <subfield code="h">sep. 1999</subfield>
    <subfield code="l">0</subfield>
    <subfield code="o">H336.71 INF 9.1999</subfield>
    <subfield code="p">R09093</subfield>
    <subfield code="r">2026-04-10 16:07:56</subfield>
    <subfield code="w">2026-04-10</subfield>
    <subfield code="y">RN</subfield>
  </datafield>
  <datafield tag="952" ind1=" " ind2=" ">
    <subfield code="0">0</subfield>
    <subfield code="1">0</subfield>
    <subfield code="4">0</subfield>
    <subfield code="7">0</subfield>
    <subfield code="a">BCEJYS</subfield>
    <subfield code="b">BCEJYS</subfield>
    <subfield code="c">17</subfield>
    <subfield code="d">1999-08-01</subfield>
    <subfield code="h">ago. 1999</subfield>
    <subfield code="l">0</subfield>
    <subfield code="o">H336.71 INF 8.1999</subfield>
    <subfield code="p">R09092</subfield>
    <subfield code="r">2026-04-10 16:07:56</subfield>
    <subfield code="w">2026-04-10</subfield>
    <subfield code="y">RN</subfield>
  </datafield>
  <datafield tag="952" ind1=" " ind2=" ">
    <subfield code="0">0</subfield>
    <subfield code="1">0</subfield>
    <subfield code="4">0</subfield>
    <subfield code="7">0</subfield>
    <subfield code="a">BCEJYS</subfield>
    <subfield code="b">BCEJYS</subfield>
    <subfield code="c">17</subfield>
    <subfield code="d">1999-07-01</subfield>
    <subfield code="h">jul. 1999</subfield>
    <subfield code="l">0</subfield>
    <subfield code="o">H336.71 INF 7.1999</subfield>
    <subfield code="p">R09091</subfield>
    <subfield code="r">2026-04-10 16:07:56</subfield>
    <subfield code="w">2026-04-10</subfield>
    <subfield code="y">RN</subfield>
  </datafield>
  <datafield tag="952" ind1=" " ind2=" ">
    <subfield code="0">0</subfield>
    <subfield code="1">0</subfield>
    <subfield code="4">0</subfield>
    <subfield code="7">0</subfield>
    <subfield code="a">BCEJYS</subfield>
    <subfield code="b">BCEJYS</subfield>
    <subfield code="c">17</subfield>
    <subfield code="d">1999-06-01</subfield>
    <subfield code="h">jun. 1999</subfield>
    <subfield code="l">0</subfield>
    <subfield code="o">H336.71 INF 6.1999</subfield>
    <subfield code="p">R09090</subfield>
    <subfield code="r">2026-04-10 16:07:56</subfield>
    <subfield code="w">2026-04-10</subfield>
    <subfield code="y">RN</subfield>
  </datafield>
  <datafield tag="952" ind1=" " ind2=" ">
    <subfield code="0">0</subfield>
    <subfield code="1">0</subfield>
    <subfield code="4">0</subfield>
    <subfield code="7">0</subfield>
    <subfield code="a">BCEJYS</subfield>
    <subfield code="b">BCEJYS</subfield>
    <subfield code="c">17</subfield>
    <subfield code="d">1999-05-01</subfield>
    <subfield code="h">mayo 1999</subfield>
    <subfield code="l">0</subfield>
    <subfield code="o">H336.71 INF 5.1999</subfield>
    <subfield code="p">R09089</subfield>
    <subfield code="r">2026-04-10 16:07:56</subfield>
    <subfield code="w">2026-04-10</subfield>
    <subfield code="y">RN</subfield>
  </datafield>
  <datafield tag="952" ind1=" " ind2=" ">
    <subfield code="0">0</subfield>
    <subfield code="1">0</subfield>
    <subfield code="4">0</subfield>
    <subfield code="7">0</subfield>
    <subfield code="a">BCEJYS</subfield>
    <subfield code="b">BCEJYS</subfield>
    <subfield code="c">17</subfield>
    <subfield code="d">1999-04-01</subfield>
    <subfield code="h">abr. 1999</subfield>
    <subfield code="l">0</subfield>
    <subfield code="o">H336.71 INF 4.1999</subfield>
    <subfield code="p">R09088</subfield>
    <subfield code="r">2026-04-10 16:07:56</subfield>
    <subfield code="w">2026-04-10</subfield>
    <subfield code="y">RN</subfield>
  </datafield>
  <datafield tag="952" ind1=" " ind2=" ">
    <subfield code="0">0</subfield>
    <subfield code="1">0</subfield>
    <subfield code="4">0</subfield>
    <subfield code="7">0</subfield>
    <subfield code="a">BCEJYS</subfield>
    <subfield code="b">BCEJYS</subfield>
    <subfield code="c">17</subfield>
    <subfield code="d">1999-03-01</subfield>
    <subfield code="h">mar. 1999</subfield>
    <subfield code="l">0</subfield>
    <subfield code="o">H336.71 INF 3.1999</subfield>
    <subfield code="p">R09087</subfield>
    <subfield code="r">2026-04-10 16:07:56</subfield>
    <subfield code="w">2026-04-10</subfield>
    <subfield code="y">RN</subfield>
  </datafield>
  <datafield tag="952" ind1=" " ind2=" ">
    <subfield code="0">0</subfield>
    <subfield code="1">0</subfield>
    <subfield code="4">0</subfield>
    <subfield code="7">0</subfield>
    <subfield code="a">BCEJYS</subfield>
    <subfield code="b">BCEJYS</subfield>
    <subfield code="c">17</subfield>
    <subfield code="d">1999-02-01</subfield>
    <subfield code="h">feb. 1999</subfield>
    <subfield code="l">0</subfield>
    <subfield code="o">H336.71 INF 2.1999</subfield>
    <subfield code="p">R09086</subfield>
    <subfield code="r">2026-04-10 16:07:56</subfield>
    <subfield code="w">2026-04-10</subfield>
    <subfield code="y">RN</subfield>
  </datafield>
  <datafield tag="952" ind1=" " ind2=" ">
    <subfield code="0">0</subfield>
    <subfield code="1">0</subfield>
    <subfield code="4">0</subfield>
    <subfield code="7">0</subfield>
    <subfield code="a">BCEJYS</subfield>
    <subfield code="b">BCEJYS</subfield>
    <subfield code="c">17</subfield>
    <subfield code="d">1999-01-01</subfield>
    <subfield code="h">ene. 1999</subfield>
    <subfield code="l">0</subfield>
    <subfield code="o">H336.71 INF 1.1999</subfield>
    <subfield code="p">R09085</subfield>
    <subfield code="r">2026-04-10 16:07:56</subfield>
    <subfield code="w">2026-04-10</subfield>
    <subfield code="y">RN</subfield>
  </datafield>
  <datafield tag="952" ind1=" " ind2=" ">
    <subfield code="0">0</subfield>
    <subfield code="1">0</subfield>
    <subfield code="4">0</subfield>
    <subfield code="7">0</subfield>
    <subfield code="a">BCEJYS</subfield>
    <subfield code="b">BCEJYS</subfield>
    <subfield code="c">17</subfield>
    <subfield code="d">1998-12-01</subfield>
    <subfield code="h">dic. 1998</subfield>
    <subfield code="l">0</subfield>
    <subfield code="o">H336.71 INF 12.1998</subfield>
    <subfield code="p">R09084</subfield>
    <subfield code="r">2026-04-10 16:07:56</subfield>
    <subfield code="w">2026-04-10</subfield>
    <subfield code="y">RN</subfield>
  </datafield>
  <datafield tag="952" ind1=" " ind2=" ">
    <subfield code="0">0</subfield>
    <subfield code="1">0</subfield>
    <subfield code="4">0</subfield>
    <subfield code="7">0</subfield>
    <subfield code="a">BCEJYS</subfield>
    <subfield code="b">BCEJYS</subfield>
    <subfield code="c">17</subfield>
    <subfield code="d">1998-11-01</subfield>
    <subfield code="h">nov. 1998</subfield>
    <subfield code="l">0</subfield>
    <subfield code="o">H336.71 INF 11.1998</subfield>
    <subfield code="p">R09083</subfield>
    <subfield code="r">2026-04-10 16:07:56</subfield>
    <subfield code="w">2026-04-10</subfield>
    <subfield code="y">RN</subfield>
  </datafield>
  <datafield tag="952" ind1=" " ind2=" ">
    <subfield code="0">0</subfield>
    <subfield code="1">0</subfield>
    <subfield code="4">0</subfield>
    <subfield code="7">0</subfield>
    <subfield code="a">BCEJYS</subfield>
    <subfield code="b">BCEJYS</subfield>
    <subfield code="c">17</subfield>
    <subfield code="d">1998-10-01</subfield>
    <subfield code="h">oct. 1998</subfield>
    <subfield code="l">0</subfield>
    <subfield code="o">H336.71 INF 10.1998</subfield>
    <subfield code="p">R09071</subfield>
    <subfield code="r">2026-04-10 16:07:56</subfield>
    <subfield code="w">2026-04-10</subfield>
    <subfield code="y">RN</subfield>
  </datafield>
  <datafield tag="952" ind1=" " ind2=" ">
    <subfield code="0">0</subfield>
    <subfield code="1">0</subfield>
    <subfield code="4">0</subfield>
    <subfield code="7">0</subfield>
    <subfield code="a">BCEJYS</subfield>
    <subfield code="b">BCEJYS</subfield>
    <subfield code="c">17</subfield>
    <subfield code="d">1998-09-01</subfield>
    <subfield code="h">sep. 1998</subfield>
    <subfield code="l">0</subfield>
    <subfield code="o">H336.71 INF 9.1998</subfield>
    <subfield code="p">R09082</subfield>
    <subfield code="r">2026-04-10 16:07:56</subfield>
    <subfield code="w">2026-04-10</subfield>
    <subfield code="y">RN</subfield>
  </datafield>
  <datafield tag="952" ind1=" " ind2=" ">
    <subfield code="0">0</subfield>
    <subfield code="1">0</subfield>
    <subfield code="4">0</subfield>
    <subfield code="7">0</subfield>
    <subfield code="a">BCEJYS</subfield>
    <subfield code="b">BCEJYS</subfield>
    <subfield code="c">17</subfield>
    <subfield code="d">1998-08-01</subfield>
    <subfield code="h">ago. 1998</subfield>
    <subfield code="l">0</subfield>
    <subfield code="o">H336.71 INF 8.1998</subfield>
    <subfield code="p">R09081</subfield>
    <subfield code="r">2026-04-10 16:07:56</subfield>
    <subfield code="w">2026-04-10</subfield>
    <subfield code="y">RN</subfield>
  </datafield>
  <datafield tag="952" ind1=" " ind2=" ">
    <subfield code="0">0</subfield>
    <subfield code="1">0</subfield>
    <subfield code="4">0</subfield>
    <subfield code="7">0</subfield>
    <subfield code="a">BCEJYS</subfield>
    <subfield code="b">BCEJYS</subfield>
    <subfield code="c">17</subfield>
    <subfield code="d">1998-07-01</subfield>
    <subfield code="h">jul. 1998</subfield>
    <subfield code="l">0</subfield>
    <subfield code="o">H336.71 INF 7.1998</subfield>
    <subfield code="p">R09080</subfield>
    <subfield code="r">2026-04-10 16:07:56</subfield>
    <subfield code="w">2026-04-10</subfield>
    <subfield code="y">RN</subfield>
  </datafield>
  <datafield tag="952" ind1=" " ind2=" ">
    <subfield code="0">0</subfield>
    <subfield code="1">0</subfield>
    <subfield code="4">0</subfield>
    <subfield code="7">0</subfield>
    <subfield code="a">BCEJYS</subfield>
    <subfield code="b">BCEJYS</subfield>
    <subfield code="c">17</subfield>
    <subfield code="d">1998-06-01</subfield>
    <subfield code="h">jun. 1998</subfield>
    <subfield code="l">0</subfield>
    <subfield code="o">H336.71 INF 6.1998</subfield>
    <subfield code="p">R09079</subfield>
    <subfield code="r">2026-04-10 16:07:56</subfield>
    <subfield code="w">2026-04-10</subfield>
    <subfield code="y">RN</subfield>
  </datafield>
  <datafield tag="952" ind1=" " ind2=" ">
    <subfield code="0">0</subfield>
    <subfield code="1">0</subfield>
    <subfield code="4">0</subfield>
    <subfield code="7">0</subfield>
    <subfield code="a">BCEJYS</subfield>
    <subfield code="b">BCEJYS</subfield>
    <subfield code="c">17</subfield>
    <subfield code="d">1998-05-01</subfield>
    <subfield code="h">mayo 1998</subfield>
    <subfield code="l">0</subfield>
    <subfield code="o">H336.71 INF 5.1998</subfield>
    <subfield code="p">R09078</subfield>
    <subfield code="r">2026-04-10 16:07:56</subfield>
    <subfield code="w">2026-04-10</subfield>
    <subfield code="y">RN</subfield>
  </datafield>
  <datafield tag="952" ind1=" " ind2=" ">
    <subfield code="0">0</subfield>
    <subfield code="1">0</subfield>
    <subfield code="4">0</subfield>
    <subfield code="7">0</subfield>
    <subfield code="a">BCEJYS</subfield>
    <subfield code="b">BCEJYS</subfield>
    <subfield code="c">17</subfield>
    <subfield code="d">1998-04-01</subfield>
    <subfield code="h">abr. 1998</subfield>
    <subfield code="l">0</subfield>
    <subfield code="o">H336.71 INF 4.1998</subfield>
    <subfield code="p">R09077</subfield>
    <subfield code="r">2026-04-10 16:07:56</subfield>
    <subfield code="w">2026-04-10</subfield>
    <subfield code="y">RN</subfield>
  </datafield>
  <datafield tag="952" ind1=" " ind2=" ">
    <subfield code="0">0</subfield>
    <subfield code="1">0</subfield>
    <subfield code="4">0</subfield>
    <subfield code="7">0</subfield>
    <subfield code="a">BCEJYS</subfield>
    <subfield code="b">BCEJYS</subfield>
    <subfield code="c">17</subfield>
    <subfield code="d">1998-03-01</subfield>
    <subfield code="h">mar. 1998</subfield>
    <subfield code="l">0</subfield>
    <subfield code="o">H336.71 INF 3.1998</subfield>
    <subfield code="p">R09076</subfield>
    <subfield code="r">2026-04-10 16:07:56</subfield>
    <subfield code="w">2026-04-10</subfield>
    <subfield code="y">RN</subfield>
  </datafield>
  <datafield tag="952" ind1=" " ind2=" ">
    <subfield code="0">0</subfield>
    <subfield code="1">0</subfield>
    <subfield code="4">0</subfield>
    <subfield code="7">0</subfield>
    <subfield code="a">BCEJYS</subfield>
    <subfield code="b">BCEJYS</subfield>
    <subfield code="c">17</subfield>
    <subfield code="d">1998-02-01</subfield>
    <subfield code="h">feb. 1998</subfield>
    <subfield code="l">0</subfield>
    <subfield code="o">H336.71 INF 2.1998</subfield>
    <subfield code="p">R09075</subfield>
    <subfield code="r">2026-04-10 16:07:56</subfield>
    <subfield code="w">2026-04-10</subfield>
    <subfield code="y">RN</subfield>
  </datafield>
</record>
